00535nam a2200145Ia 4500008004100000245012800041260002600169260000900195300000900204650002600213650001200239856004600251999001900297952007300316170516s9999 xx 000 0 und d aRadiological imaging features of glioblastoma with oligodendroglioma component: a comparison with conventional glioblastoma bActa Radiologica Open c2016 a5:11 xRadiologic Technology xRadtech uhttp://journals.sagepub.com/toc/arrb/5/11 c332771d332771 001040aCLbCLd2017-05-16l0r2017-05-16 00:00:00w2017-05-16yFOJ